[Event "Champ FRA - Under 12"]
[Site "Europe Echecs"]
[Date "2020.07.08"]
[Round "4"]
[White "NguyenSohayb"]
[Black "LoszycerSasha"]
[Result "1-0"]
[WhiteElo "1473"]
[BlackElo "1162"]
[PlyCount "47"]
[EventDate "2020.??.??"]

1. e4 d6 2. d4 g6 3. Nc3 Bg7 4. Be3 Nf6 5. Nf3 O-O 6. Be2 Nfd7 7. Qd2 e5 8. Bh6
exd4 9. Nxd4 Ne5 10. Bxg7 Kxg7 11. O-O-O f5 12. exf5 Bxf5 13. h4 c5 14. Nxf5+
Rxf5 15. h5 Rxh5 16. Bxh5 gxh5 17. Rxh5 Nbc6 18. Qh6+ Kf7 19. Rf5+ Ke7 20.
Qxh7+ Ke6 21. Rf4 Qg5 22. g3 Rf8 23. Nb5 Rxf4 24. Rxd6# {LoszycerSasha est
échec et mat} 1-0

[Event "Champ FRA - Under 12"]
[Site "Europe Echecs"]
[Date "2020.07.08"]
[Round "4"]
[White "BriguetRemi"]
[Black "NegreEmilie"]
[Result "0-1"]
[WhiteElo "1160"]
[BlackElo "1438"]
[PlyCount "32"]
[EventDate "2020.??.??"]

1. e4 e5 2. Nf3 Nc6 3. Bc4 Bc5 4. Nc3 Nf6 5. O-O d6 6. d3 Bg4 7. Be3 Bb6 8.
Bxb6 axb6 9. h3 Bh5 10. Nd5 O-O 11. Nxf6+ Qxf6 12. Bd5 Nd4 13. Bxb7 Nxf3+ 14.
gxf3 Bxf3 15. Qd2 Qg6+ 16. Kh2 Qg2# {BriguetRemi est échec et mat} 0-1

[Event "Champ FRA - Under 12"]
[Site "Europe Echecs"]
[Date "2020.07.08"]
[Round "4"]
[White "FaidiSami"]
[Black "PoyetClemence"]
[Result "0-1"]
[WhiteElo "1394"]
[BlackElo "1160"]
[PlyCount "27"]
[EventDate "2020.??.??"]

1. a4 e5 2. Ra3 d5 3. Nf3 Bxa3 4. Nxa3 Nc6 5. e3 Nf6 6. d4 e4 7. Ne5 Nxe5 8.
dxe5 Ng4 9. Be2 Nxe5 10. Qd4 Nc6 11. Qxg7 Rf8 12. Bb5 Bd7 13. Bxc6 Bxc6 14. Qg5
{FaidiSami a abandonné} 0-1

[Event "Champ FRA - Under 12"]
[Site "Europe Echecs"]
[Date "2020.07.08"]
[Round "4"]
[White "SalahYanis"]
[Black "LambertArthur"]
[Result "1-0"]
[WhiteElo "1148"]
[BlackElo "1380"]
[PlyCount "43"]
[EventDate "2020.??.??"]

1. e4 e5 2. Nf3 Nc6 3. Bc4 Nf6 4. Nc3 Bb4 5. d3 d6 6. Bg5 Bg4 7. O-O O-O 8. Nd5
h6 9. Bxf6 gxf6 10. Bb5 Bc5 11. Qd2 Bxf3 12. Qxh6 Bg4 13. Nxf6+ Qxf6 14. Qxf6
Kh7 15. Qh4+ Kg8 16. Qxg4+ Kh7 17. Qh5+ Kg8 18. Bc4 d5 19. exd5 Nd4 20. Rfe1
Rae8 21. Rxe5 Nxc2 22. Rg5# {LambertArthur est échec et mat} 1-0

[Event "Champ FRA - Under 12"]
[Site "Europe Echecs"]
[Date "2020.07.08"]
[Round "4"]
[White "CrouzierSimon"]
[Black "YcardFaustine"]
[Result "1-0"]
[WhiteElo "1140"]
[BlackElo "1380"]
[PlyCount "65"]
[EventDate "2020.??.??"]

1. e4 e5 2. Nf3 Nc6 3. Nc3 Nf6 4. Bc4 Bb4 5. a3 Ba5 6. O-O O-O 7. b4 Bb6 8. a4
Nxb4 9. h3 Bd4 10. Nxd4 exd4 11. Nd5 Nfxd5 12. exd5 c6 13. dxc6 dxc6 14. c3
dxc3 15. dxc3 Na6 16. Qf3 b5 17. axb5 cxb5 18. Bxb5 Nc5 19. Qg3 Nb3 20. Bg5 Qd5
21. Rad1 Qxb5 22. Bh6 g6 23. Rd3 Re8 24. Rfd1 Bf5 25. Rd5 Qe2 26. Rd8 Rexd8 27.
Rxd8+ Rxd8 28. c4 Rd1+ 29. Kh2 Qe1 30. Qb8+ Bc8 31. Qxc8+ Rd8 32. Qxd8+ Qe8 33.
Qxe8# {YcardFaustine est échec et mat} 1-0

[Event "Champ FRA - Under 12"]
[Site "Europe Echecs"]
[Date "2020.07.08"]
[Round "4"]
[White "KechkekianChae"]
[Black "DemaimayOscar"]
[Result "1-0"]
[WhiteElo "1366"]
[BlackElo "1141"]
[PlyCount "119"]
[EventDate "2020.??.??"]

1. e4 d6 2. d4 f5 3. Nc3 Nf6 4. e5 Nfd7 5. e6 Nf6 6. d5 c6 7. Bc4 b5 8. Nxb5
cxd5 9. Bxd5 Qa5+ 10. Nc3 Nxd5 11. Qxd5 Qxd5 12. Nxd5 Bxe6 13. Nc7+ Kd8 14.
Nxe6+ Kd7 15. Nd4 e5 16. Nxf5 Nc6 17. Be3 Rb8 18. O-O-O Rb6 19. Bxb6 axb6 20.
Nf3 g6 21. Ne3 e4 22. Nd4 Bh6 23. Nxc6 Kxc6 24. Rhe1 d5 25. Rxd5 Bxe3+ 26. Rxe3
Kxd5 27. c4+ Kd4 28. Rc3 Rc8 29. Kd2 Rxc4 30. Rxc4+ Kxc4 31. Ke3 Kd5 32. b3 h6
33. a3 b5 34. a4 Kc5 35. a5 Kb4 36. a6 Kxb3 37. a7 b4 38. a8=Q Kc3 39. Qa1+ Kc4
40. Qb1 b3 41. Kxe4 Kc3 42. f4 b2 43. f5 gxf5+ 44. Kxf5 h5 45. Kg5 h4 46. Kxh4
Kb3 47. g4 Kc3 48. g5 Kb3 49. g6 Kc3 50. g7 Kb3 51. g8=Q+ Kc3 52. Qg7+ Kc4 53.
Qf7+ Kc3 54. Qf6+ Kc4 55. Qe6+ Kc3 56. Qe5+ Kc4 57. Qe6+ Kc3 58. Qc6+ Kb3 59.
Qb5+ Kc3 60. Q1xb2# {DemaimayOscar est échec et mat} 1-0

[Event "Champ FRA - Under 12"]
[Site "Europe Echecs"]
[Date "2020.07.08"]
[Round "4"]
[White "MechoulanDanie"]
[Black "ChevillonManon"]
[Result "0-1"]
[WhiteElo "1140"]
[BlackElo "1356"]
[PlyCount "76"]
[EventDate "2020.??.??"]

1. Nf3 d5 2. g3 Nf6 3. Bg2 Nc6 4. O-O e5 5. d3 Be6 6. Re1 Bd6 7. e4 d4 8. c4
Qd7 9. a4 a5 10. Bg5 h6 11. Bxf6 gxf6 12. Nbd2 Nb4 13. Nb3 b6 14. Qc1 Nxd3 15.
Qd2 Nxe1 16. Qxe1 O-O-O 17. Nbd2 Kb8 18. b3 Bb4 19. Qc1 Bh3 20. Ne1 Bxg2 21.
Nxg2 Rdg8 22. Ne1 Qg4 23. Nd3 h5 24. Kf1 Qh3+ 25. Ke1 Qxh2 26. c5 h4 27. cxb6
cxb6 28. Nxb4 axb4 29. a5 hxg3 30. axb6 gxf2+ 31. Kd1 Rg1+ 32. Kc2 Rxc1+ 33.
Kxc1 Qh1+ 34. Kb2 Qg2 35. Ra7 f1=Q 36. Kc2 Qfe2 37. Rxf7 Qxd2+ 38. Kb1 Rh1# {
MechoulanDanie est échec et mat} 0-1

[Event "Champ FRA - Under 12"]
[Site "Europe Echecs"]
[Date "2020.07.08"]
[Round "4"]
[White "JoinOctave"]
[Black "TournabienPaul"]
[Result "1-0"]
[WhiteElo "1135"]
[BlackElo "1330"]
[PlyCount "59"]
[EventDate "2020.??.??"]

1. c4 e5 2. e3 Nc6 3. Nc3 Nf6 4. d4 exd4 5. exd4 Bb4 6. Nf3 Ne4 7. Bd2 Bxc3 8.
Bxc3 O-O 9. Be2 Nxf2 10. Kxf2 Qe7 11. Qd3 h6 12. d5 Nb4 13. Qd4 f6 14. Bd3 Re8
15. c5 Nxd3+ 16. Qxd3 Qxc5+ 17. Bd4 Qxd5 18. Rhe1 Rf8 19. Qg6 c5 20. Bc3 d6 21.
Rad1 Bf5 22. Rxd5 Bxg6 23. Rxd6 Bh5 24. Rd5 Bf7 25. Rxc5 Bxa2 26. Re4 Bb1 27.
Rg4 Bf5 28. Rxf5 Kh8 29. Rh5 Kh7 30. Rh3 {TournabienPaul a abandonné} 1-0

[Event "Champ FRA - Under 12"]
[Site "Europe Echecs"]
[Date "2020.07.08"]
[Round "4"]
[White "BalloyAlix"]
[Black "LangerKarele"]
[Result "0-1"]
[WhiteElo "1130"]
[BlackElo "1282"]
[PlyCount "124"]
[EventDate "2020.??.??"]

1. e4 c5 2. Bc4 e6 3. Nf3 Nc6 4. O-O d6 5. Nc3 Nf6 6. d3 Be7 7. h3 O-O 8. d4
cxd4 9. Nxd4 Bd7 10. Be3 Rc8 11. Nxc6 Bxc6 12. Bxa7 Nxe4 13. Nxe4 Bxe4 14. Bd3
Bxd3 15. cxd3 b6 16. Qb3 Rc6 17. Rac1 Rxc1 18. Rxc1 Qa8 19. Bxb6 Rb8 20. Qc4
Rxb6 21. Qc8+ Qxc8 22. Rxc8+ Bf8 23. b3 g6 24. Rc1 Ra6 25. Ra1 Bg7 26. Rb1 Rxa2
27. b4 Ra8 28. b5 Rb8 29. b6 Kf8 30. b7 Ke8 31. Kf1 Kd8 32. Ke2 Kc7 33. d4 Rxb7
34. Rc1+ Kd7 35. Kd3 Rb2 36. Rf1 Kc6 37. g3 Kd5 38. f4 Bxd4 39. Rd1 Rb3+ 40.
Kc2 Rxg3 41. h4 Rg4 42. Kb3 Rxf4 43. Kb4 Rxh4 44. Kb5 f5 45. Kb4 Ke5 46. Kb3
Rh3+ 47. Kc2 g5 48. Kd2 g4 49. Ke2 Re3+ 50. Kf2 Rd3+ 51. Ke2 Rxd1 52. Kxd1 f4
53. Ke1 f3 54. Kf1 g3 55. Ke1 g2 56. Kd2 g1=Q 57. Kd3 f2 58. Ke2 f1=Q+ 59. Kd2
Qe3+ 60. Kc2 Qfe2+ 61. Kb1 Qb3+ 62. Kc1 Qbb2# {BalloyAlix est échec et mat}
0-1

[Event "Champ FRA - Under 12"]
[Site "Europe Echecs"]
[Date "2020.07.08"]
[Round "4"]
[White "BiondiAntonin"]
[Black "LemoalZakarya"]
[Result "0-1"]
[WhiteElo "1280"]
[BlackElo "1134"]
[PlyCount "92"]
[EventDate "2020.??.??"]

1. Nf3 c6 2. c3 d5 3. d4 Bg4 4. Bf4 Bxf3 5. gxf3 e6 6. Bh3 Nd7 7. e4 Qh4 8.
Bxe6 Qxf4 9. Bxd7+ Kxd7 10. Nd2 Nf6 11. exd5 Nxd5 12. Ne4 Re8 13. Qd3 f5 14. c4
fxe4 15. fxe4 Qxe4+ 16. Qxe4 Rxe4+ 17. Kd1 Nf4 18. Kc2 Bd6 19. Rad1 Re2+ 20.
Kc1 Ng6 21. c5 Bf4+ 22. Kb1 Ne7 23. Rdf1 Nd5 24. h3 a5 25. f3 a4 26. Rhg1 g6
27. Rg4 a3 28. bxa3 Be3 29. Re4 Ra8 30. Rc1 Bxc1 31. Rxe2 Nc3+ 32. Kxc1 Nxe2+
33. Kd2 Nf4 34. h4 Rxa3 35. Kc2 Ke6 36. Kb2 Rxf3 37. a4 Kd5 38. Kc2 Kxd4 39.
Kb2 Kxc5 40. Kc2 Kd4 41. Kb2 c5 42. Kc2 c4 43. Kb2 c3+ 44. Kc2 Rf2+ 45. Kc1 Kd3
46. Kd1 Rf1# {BiondiAntonin est échec et mat} 0-1

[Event "Champ FRA - Under 12"]
[Site "Europe Echecs"]
[Date "2020.07.08"]
[Round "4"]
[White "DuboisGabriel"]
[Black "LayadiNoha"]
[Result "0-1"]
[WhiteElo "1124"]
[BlackElo "1280"]
[PlyCount "50"]
[EventDate "2020.??.??"]

1. f4 d5 2. Nf3 Nc6 3. e3 Bg4 4. h3 Bf5 5. b3 f6 6. Bb2 e6 7. Bb5 Bc5 8. O-O
Nge7 9. Qe2 O-O 10. Bxc6 Nxc6 11. d3 Re8 12. Kh1 e5 13. fxe5 fxe5 14. d4 exd4
15. Nxd4 Nxd4 16. Bxd4 Bxd4 17. c3 Rxe3 18. Qd2 Bb6 19. Rxf5 c6 20. a4 Qe8 21.
Na3 Bc7 22. Raf1 Qe7 23. Rf7 Qxa3 24. Qxe3 Qd6 25. Qe7 Qh2# {DuboisGabriel est
échec et mat} 0-1

[Event "Champ FRA - Under 12"]
[Site "Europe Echecs"]
[Date "2020.07.08"]
[Round "4"]
[White "PolaertClarenc"]
[Black "KirakosyanEmil"]
[Result "0-1"]
[WhiteElo "1280"]
[BlackElo "1124"]
[PlyCount "74"]
[EventDate "2020.??.??"]

1. d4 d5 2. Bf4 Nf6 3. e3 Bf5 4. Nf3 e6 5. Bd3 Bg6 6. Ne5 c5 7. c3 c4 8. Bc2
Nbd7 9. Ba4 a6 10. Bxd7+ Nxd7 11. O-O Nxe5 12. Bxe5 f6 13. Bf4 Bd3 14. Re1 g5
15. Bg3 h5 16. h4 g4 17. b3 b5 18. a4 Qa5 19. bxc4 bxc4 20. Na3 Qxc3 21. Bc7
Rc8 22. Bf4 Bxa3 23. Ra2 Bb4 24. e4 Qxe1+ 25. Qxe1 Bxe1 26. e5 f5 27. Rb2 c3
28. Rb7 Bd2 29. Bg3 c2 30. Rb6 c1=Q+ 31. Kh2 Rh6 32. Rxa6 Bxa6 33. f3 gxf3 34.
gxf3 Bf4 35. Bxf4 Qxf4+ 36. Kg2 Rc2+ 37. Kg1 Qc1# {PolaertClarenc est échec
et mat} 0-1

[Event "Champ FRA - Under 12"]
[Site "Europe Echecs"]
[Date "2020.07.08"]
[Round "4"]
[White "PaineauMael"]
[Black "MartoianSeda"]
[Result "1-0"]
[WhiteElo "1121"]
[BlackElo "1278"]
[PlyCount "51"]
[EventDate "2020.??.??"]

1. e4 e6 2. d4 d5 3. Bb5+ c6 4. Bd3 Be7 5. Nc3 Nf6 6. e5 Nfd7 7. Nf3 O-O 8. O-O
c5 9. Ne2 Nc6 10. Be3 Qb6 11. b3 a6 12. Bf4 Kh8 13. Be3 Qa7 14. c3 b5 15. b4
cxb4 16. cxb4 Nxb4 17. Bb1 Bb7 18. a3 Nc6 19. Bd3 Rac8 20. Qb1 Nb6 21. Bxh7 g6
22. Bxg6 fxg6 23. Qxg6 Rf5 24. Qh6+ Kg8 25. Qg6+ Kf8 26. Bh6# {MartoianSeda
est échec et mat} 1-0

[Event "Champ FRA - Under 12"]
[Site "Europe Echecs"]
[Date "2020.07.08"]
[Round "4"]
[White "NoeMilan"]
[Black "ChalonLouison"]
[Result "1-0"]
[WhiteElo "1110"]
[BlackElo "1265"]
[PlyCount "115"]
[EventDate "2020.??.??"]

1. d4 d5 2. Bf4 Nc6 3. e3 Bf5 4. Bd3 Bg6 5. c3 Nf6 6. Nf3 e6 7. Qe2 Bd6 8. Bg3
Ne4 9. Nbd2 Nxg3 10. hxg3 Bxd3 11. Qxd3 Qd7 12. Rxh7 Rxh7 13. Qxh7 Bf8 14. Qh4
f6 15. Qh5+ Qf7 16. Qxf7+ Kxf7 17. O-O-O e5 18. dxe5 fxe5 19. Rh1 Rd8 20. Rh5
Bd6 21. Rh1 e4 22. Nd4 Nxd4 23. exd4 c5 24. dxc5 Bxc5 25. Rf1 d4 26. Nxe4 Bb6
27. Re1 Re8 28. Kd1 dxc3 29. bxc3 Rd8+ 30. Kc2 Re8 31. Nd6+ Kf8 32. Nxe8 Bxf2
33. Re2 Bxg3 34. Nc7 Bxc7 35. c4 a6 36. Re6 Kf7 37. Re4 b6 38. Rd4 g6 39. Rd7+
Ke6 40. Rxc7 Kd6 41. Rb7 Kc6 42. Ra7 a5 43. Rg7 b5 44. Rxg6+ Kc5 45. Rg5+ Kxc4
46. Kb2 a4 47. g3 b4 48. Rg7 a3+ 49. Ka1 b3 50. axb3+ Kxb3 51. Ra7 Kb4 52. g4
Kb3 53. g5 a2 54. g6 Kb4 55. g7 Kb3 56. g8=Q+ Kb4 57. Rb7+ Ka3 58. Qa8# {
ChalonLouison est échec et mat} 1-0

[Event "Champ FRA - Under 12"]
[Site "Europe Echecs"]
[Date "2020.07.08"]
[Round "4"]
[White "DarrortNahia"]
[Black "SakiMehdi"]
[Result "1-0"]
[WhiteElo "1263"]
[BlackElo "1107"]
[PlyCount "65"]
[EventDate "2020.??.??"]

1. e4 e5 2. Nf3 Nc6 3. d4 exd4 4. Nxd4 Bc5 5. Be3 Qf6 6. c3 d6 7. g3 Nge7 8.
Bg2 Be6 9. a3 Bc4 10. b3 Be6 11. b4 Bxd4 12. cxd4 d5 13. e5 Qg6 14. Nc3 Nf5 15.
Nb5 O-O 16. Nxc7 Nxe3 17. fxe3 Rac8 18. Nxe6 fxe6 19. Bf3 Qg5 20. Qe2 Rf5 21.
Bg4 Rf7 22. Bxe6 Rcf8 23. Bxf7+ Rxf7 24. O-O-O Rc7 25. Kb1 Qg6+ 26. Ka2 Ne7 27.
Rc1 Rd7 28. Qb5 Rd8 29. Qxb7 Qe4 30. Qxe7 Rf8 31. Qe6+ Kh8 32. Rhf1 Qxe3 33.
Rxf8# {SakiMehdi est échec et mat} 1-0

[Event "Champ FRA - Under 12"]
[Site "Europe Echecs"]
[Date "2020.07.08"]
[Round "4"]
[White "RigaudRetourne"]
[Black "LinJacky"]
[Result "1-0"]
[WhiteElo "1103"]
[BlackElo "1262"]
[PlyCount "29"]
[EventDate "2020.??.??"]

1. e4 c6 2. Nc3 d5 3. Nf3 dxe4 4. Nxe4 Nf6 5. Nxf6+ gxf6 6. Bc4 Bf5 7. d4 e6 8.
Nh4 Bg6 9. Nxg6 hxg6 10. Bf4 Nd7 11. Qd2 e5 12. dxe5 fxe5 13. Qe2 Qf6 14. g3
O-O-O 15. Bd2 {LinJacky a perdu au temps} 1-0

[Event "Champ FRA - Under 12"]
[Site "Europe Echecs"]
[Date "2020.07.08"]
[Round "4"]
[White "OstrovskiyVova"]
[Black "BourdelBaptist"]
[Result "1-0"]
[WhiteElo "1260"]
[BlackElo "1100"]
[PlyCount "59"]
[EventDate "2020.??.??"]

1. e4 e5 2. Nf3 Nf6 3. Nxe5 d6 4. Nf3 Nxe4 5. Qe2 Qe7 6. d3 Nf6 7. Bg5 Be6 8.
Nc3 Nc6 9. Bxf6 Qxf6 10. Nd5 Qd8 11. Ng5 Be7 12. Nxe6 fxe6 13. Qxe6 Nd4 14.
Qxe7+ Qxe7+ 15. Nxe7 Kxe7 16. O-O-O Rae8 17. g3 Kd7 18. Bh3+ Kd8 19. Rde1 Rhf8
20. Rxe8+ Rxe8 21. Kd1 g6 22. c3 Nc6 23. Re1 Ne5 24. Bg2 Kc8 25. f4 Kd7 26.
fxe5 dxe5 27. d4 Kd6 28. dxe5+ Rxe5 29. Rxe5 Kxe5 30. Bxb7 {BourdelBaptist a
abandonné} 1-0

[Event "Champ FRA - Under 12"]
[Site "Europe Echecs"]
[Date "2020.07.08"]
[Round "4"]
[White "TroadecMelusin"]
[Black "PiolletEspinos"]
[Result "1-0"]
[WhiteElo "1251"]
[BlackElo "1100"]
[PlyCount "117"]
[EventDate "2020.??.??"]

1. e4 e5 2. Nf3 Nf6 3. Nxe5 Nxe4 4. Qe2 d6 5. Nf3 Qe7 6. d4 Bg4 7. h3 Bxf3 8.
gxf3 Nf6 9. Nc3 Nbd7 10. Bg5 O-O-O 11. O-O-O Re8 12. Re1 h6 13. Bh4 g5 14. Bg3
h5 15. f4 h4 16. Bh2 gxf4 17. Bxf4 Rh5 18. Rg1 Ra5 19. Bg5 Qd8 20. Qd2 Be7 21.
Bxh4 Rg8 22. Bc4 d5 23. Bxf6 Bxf6 24. Nxd5 Bg5 25. Ne3 Ra4 26. Bxf7 Rg7 27. Bb3
Ra6 28. Kb1 b6 29. Bc4 Ra5 30. b4 Ra4 31. Bb3 Ra6 32. Qd3 Nb8 33. Nf5 Bd2 34.
Nxg7 Bxe1 35. Rxe1 b5 36. Qxb5 Rb6 37. Qc4 Rc6 38. Qxc6 Nxc6 39. Re8 a6 40.
Be6+ Kb7 41. Rxd8 Nxd8 42. Bd5+ Kc8 43. h4 Kd7 44. h5 Ke7 45. h6 Kf8 46. Nf5
Nf7 47. h7 c6 48. Bxf7 Kxf7 49. h8=Q Ke6 50. Qe5+ Kd7 51. Qd6+ Kc8 52. Ne7+ Kb7
53. Qxc6+ Kb8 54. Qc8+ Ka7 55. Qc5+ Kb8 56. Nc6+ Kb7 57. Nd8+ Kb8 58. Qc6 a5
59. Qb7# {PiolletEspinos est échec et mat} 1-0

[Event "Champ FRA - Under 12"]
[Site "Europe Echecs"]
[Date "2020.07.08"]
[Round "4"]
[White "GuerinSasha"]
[Black "BernardelliTho"]
[Result "0-1"]
[WhiteElo "1236"]
[BlackElo "1079"]
[PlyCount "48"]
[EventDate "2020.??.??"]

1. d4 d5 2. c4 c6 3. Nc3 Nf6 4. Bf4 Nbd7 5. Nf3 e6 6. e3 Be7 7. Bd3 O-O 8. h4
Nh5 9. g4 Nxf4 10. exf4 b6 11. g5 g6 12. h5 Ba6 13. cxd5 Bxd3 14. Qxd3 cxd5 15.
hxg6 fxg6 16. Nh4 Rc8 17. Nxg6 Rf7 18. Nxe7+ Qxe7 19. O-O-O Qb4 20. Kb1 Rxf4
21. Qxh7+ Kf8 22. Qh8+ Ke7 23. Qxc8 Rxf2 24. Rhe1 Qxb2# {GuerinSasha est
échec et mat} 0-1

[Event "Champ FRA - Under 12"]
[Site "Europe Echecs"]
[Date "2020.07.08"]
[Round "4"]
[White "CadilhacSeffinL"]
[Black "BillmannAlexan"]
[Result "1-0"]
[WhiteElo "1058"]
[BlackElo "1229"]
[PlyCount "71"]
[EventDate "2020.??.??"]

1. e4 e6 2. d4 d5 3. e5 c5 4. Nf3 Nc6 5. Bg5 f6 6. exf6 Nxf6 7. Bb5 Bd7 8. O-O
Be7 9. c3 cxd4 10. cxd4 a6 11. Ba4 h6 12. Bh4 Ne4 13. Bxe7 Qxe7 14. Re1 O-O 15.
Nbd2 Nd6 16. Bxc6 Bxc6 17. Ne5 Be8 18. Rc1 Qh4 19. g3 Qxd4 20. Nef3 Qxb2 21.
Rxe6 Rd8 22. Rc2 Qb4 23. Qa1 Bh5 24. Re7 Ne8 25. Rcc7 Bf7 26. Rxb7 Qd6 27. Qd4
Rb8 28. Rbd7 Qc6 29. Ne5 Qc1+ 30. Kg2 Nf6 31. Rxf7 Nxd7 32. Rxf8+ Nxf8 33. Nc6
Rc8 34. Qxd5+ Kh8 35. Ne7 Kh7 36. Qg8# {BillmannAlexan est échec et mat} 1-0

[Event "Champ FRA - Under 12"]
[Site "Europe Echecs"]
[Date "2020.07.08"]
[Round "4"]
[White "NunesSoubeyranE"]
[Black "FoleyNatasha"]
[Result "1-0"]
[WhiteElo "1220"]
[BlackElo "1078"]
[PlyCount "69"]
[EventDate "2020.??.??"]

1. e4 e5 2. Nf3 Nc6 3. Bc4 Nf6 4. Ng5 Bc5 5. Nxf7 Qe7 6. Nxh8 d6 7. Nc3 Bd7 8.
O-O O-O-O 9. d3 Rxh8 10. Bg5 h6 11. Bxf6 Qxf6 12. Re1 Qg6 13. Qf3 Bg4 14. Qg3
h5 15. h3 h4 16. Bf7 Qg5 17. Qh2 Rf8 18. Bc4 Bxf2+ 19. Kh1 Bg3 20. Qg1 Bxe1 21.
Rxe1 Bd7 22. Nb5 a6 23. Na7+ Nxa7 24. Qxa7 Kd8 25. Qb8+ Ke7 26. Qxb7 Qg3 27.
Rg1 Bxh3 28. Qxc7+ Kf6 29. Qxd6+ Kg5 30. Qxf8 Bxg2+ 31. Rxg2 Qxg2+ 32. Kxg2 Kg4
33. Qxg7+ Kh5 34. Qxe5+ Kg4 35. Be6# {FoleyNatasha est échec et mat} 1-0

[Event "Champ FRA - Under 12"]
[Site "Europe Echecs"]
[Date "2020.07.08"]
[Round "4"]
[White "KerjeanLohan"]
[Black "GarrigueMahel"]
[Result "1-0"]
[WhiteElo "1008"]
[BlackElo "1212"]
[PlyCount "91"]
[EventDate "2020.??.??"]

1. e4 e5 2. Nf3 Nc6 3. Nc3 Nf6 4. d3 Bb4 5. a3 Bxc3+ 6. bxc3 d5 7. Bg5 dxe4 8.
Nd2 exd3 9. cxd3 h6 10. Bxf6 Qxf6 11. Ne4 Qd8 12. Be2 Bf5 13. f3 O-O 14. O-O
Bxe4 15. fxe4 Ne7 16. Bh5 f6 17. Qf3 Qd6 18. Rac1 Rad8 19. Rfd1 Qxa3 20. Bg4
Nc6 21. Qf5 Qc5+ 22. Kh1 Qe7 23. Qg6 Kh8 24. Bf5 Kg8 25. Rc2 Qe8 26. Qh7+ Kf7
27. Bg6+ Ke7 28. Bxe8 Rdxe8 29. Qxg7+ Rf7 30. Qxh6 Nd8 31. d4 exd4 32. Rxd4 Ne6
33. Ra4 Rd8 34. h3 Rd1+ 35. Kh2 Rf8 36. Qh7+ Rf7 37. Qh6 f5 38. exf5 Rxf5 39.
Rxa7 Rff1 40. Qh7+ Kd6 41. Rxb7 Rh1+ 42. Kg3 Rde1 43. Rd2+ Kc6 44. Rb8 Rhf1 45.
Qh4 Ng7 46. Qc4# {GarrigueMahel est échec et mat} 1-0

[Event "Champ FRA - Under 12"]
[Site "Europe Echecs"]
[Date "2020.07.08"]
[Round "4"]
[White "BernardiAlexan"]
[Black "PoghosyanNoray"]
[Result "1-0"]
[WhiteElo "999"]
[BlackElo "1200"]
[PlyCount "49"]
[EventDate "2020.??.??"]

1. e4 e5 2. f4 d6 3. fxe5 dxe5 4. Nf3 Nc6 5. Nc3 Bc5 6. Bb5 a6 7. Bxc6+ bxc6 8.
Nxe5 Qe7 9. Nxc6 Qh4+ 10. g3 Qf6 11. d4 Bb6 12. Nd5 Qxc6 13. Nxb6 Qxe4+ 14. Qe2
Qxe2+ 15. Kxe2 cxb6 16. Bf4 Nf6 17. Kd3 Bf5+ 18. Kd2 Be4 19. Rhe1 O-O 20. Re3
Rad8 21. c3 Rfe8 22. Rae1 Nd5 23. Rxe4 Nxf4 24. Rxe8+ Rxe8 25. Rxe8# {
PoghosyanNoray est échec et mat} 1-0

[Event "Champ FRA - Under 12"]
[Site "Europe Echecs"]
[Date "2020.07.08"]
[Round "4"]
[White "SemenovSonia"]
[Black "MareauNoe"]
[Result "0-1"]
[WhiteElo "1193"]
[BlackElo "1071"]
[PlyCount "36"]
[EventDate "2020.??.??"]

1. e4 e5 2. Nf3 Nc6 3. Bc4 Bc5 4. c3 d6 5. d4 exd4 6. cxd4 Bb4+ 7. Bd2 Bxd2+ 8.
Nbxd2 Bg4 9. h3 Bh5 10. O-O Nxd4 11. Nb3 Nxf3+ 12. gxf3 Nf6 13. Re1 O-O 14. Bb5
c6 15. Bc4 d5 16. exd5 cxd5 17. Bb5 Ne4 18. fxe4 Bxd1 {SemenovSonia a
abandonné} 0-1

[Event "Champ FRA - Under 12"]
[Site "Europe Echecs"]
[Date "2020.07.08"]
[Round "4"]
[White "GluckPhileas"]
[Black "BaciuConstanti"]
[Result "0-1"]
[WhiteElo "999"]
[BlackElo "1191"]
[PlyCount "52"]
[EventDate "2020.??.??"]

1. e4 e6 2. d4 d5 3. Nc3 Nc6 4. Nf3 Nge7 5. Bb5 Bd7 6. Bg5 g6 7. Bf6 Rg8 8. O-O
a6 9. Ba4 b5 10. Bb3 Bg7 11. Bxg7 Rxg7 12. exd5 exd5 13. Nxd5 Nxd5 14. Bxd5 Qe7
15. Re1 Be6 16. Bxe6 fxe6 17. Re2 O-O-O 18. Re1 Rf8 19. b3 g5 20. a4 bxa4 21.
bxa4 Qf6 22. c3 g4 23. Nd2 Qxf2+ 24. Kh1 g3 25. hxg3 Rxg3 26. Ne4 Qxg2# {
GluckPhileas est échec et mat} 0-1

[Event "Champ FRA - Under 12"]
[Site "Europe Echecs"]
[Date "2020.07.08"]
[Round "4"]
[White "PerezRaphael"]
[Black "SemenovVera"]
[Result "1-0"]
[WhiteElo "1190"]
[BlackElo "1069"]
[PlyCount "23"]
[EventDate "2020.??.??"]

1. e4 e5 2. Nf3 Nc6 3. d4 exd4 4. Bc4 Bc5 5. c3 Nf6 6. cxd4 Nxd4 7. Nxd4 Bb4+
8. Bd2 Bxd2+ 9. Qxd2 d6 10. Qg5 h6 11. Qxg7 Rg8 12. Qxf7# {SemenovVera est
échec et mat} 1-0

[Event "Champ FRA - Under 12"]
[Site "Europe Echecs"]
[Date "2020.07.08"]
[Round "4"]
[White "CharlierStanis"]
[Black "KurenkovAnton"]
[Result "0-1"]
[WhiteElo "1187"]
[BlackElo "1056"]
[PlyCount "42"]
[EventDate "2020.??.??"]

1. e4 e6 2. Nf3 e5 3. Bc4 Nc6 4. d3 Nf6 5. Ng5 d5 6. exd5 Nd4 7. d6 Qxd6 8.
Nxf7 Qc6 9. O-O Bh3 10. f3 Bxg2 11. Kxg2 Rg8 12. Nxe5 Qd6 13. Bxg8 Nd5 14. Bxd5
Qxd5 15. Re1 O-O-O 16. c3 Nf5 17. c4 Nh4+ 18. Kg3 Nf5+ 19. Kf2 Qd4+ 20. Kf1 Bc5
21. Re2 Qg1# {CharlierStanis est échec et mat} 0-1

[Event "Champ FRA - Under 12"]
[Site "Europe Echecs"]
[Date "2020.07.08"]
[Round "4"]
[White "DebiasSaidCypr"]
[Black "DeMouraChloe"]
[Result "1-0"]
[WhiteElo "1180"]
[BlackElo "1049"]
[PlyCount "89"]
[EventDate "2020.??.??"]

1. e4 e5 2. Nf3 Nf6 3. Nxe5 d6 4. Nf3 Nxe4 5. Qe2 Bf5 6. d3 Be7 7. dxe4 Be6 8.
Nc3 O-O 9. Bg5 Bxg5 10. Nxg5 Qxg5 11. Qd1 Nc6 12. Bd3 d5 13. exd5 Qe5+ 14. Qe2
Qxe2+ 15. Nxe2 Bg4 16. dxc6 bxc6 17. h3 Bxe2 18. Bxe2 Rfe8 19. Rd1 Re5 20. Rd2
Rae8 21. b4 Rg5 22. O-O Re6 23. Bf3 h6 24. c4 Rf6 25. Rd3 Kh7 26. Be4+ g6 27.
Rd7 Kg7 28. Rxc7 Re6 29. Bxc6 h5 30. Bd5 Rf6 31. Re1 Rgf5 32. f3 a6 33. Re4 g5
34. Kf2 Kg6 35. g4 hxg4 36. hxg4 Rf4 37. Rxf4 Rxf4 38. Kg3 f6 39. Rc6 Rd4 40.
Be4+ Kg7 41. Rc7+ Kf8 42. b5 Ke8 43. bxa6 Kd8 44. Rh7 Rd6 45. a7 {DeMouraChloe
a abandonné} 1-0

[Event "Champ FRA - Under 12"]
[Site "Europe Echecs"]
[Date "2020.07.08"]
[Round "4"]
[White "LeCamRaphael"]
[Black "MullerLouisEti"]
[Result "0-1"]
[WhiteElo "1180"]
[BlackElo "1030"]
[PlyCount "94"]
[EventDate "2020.??.??"]

1. d4 d5 2. e3 Nc6 3. Nf3 Bf5 4. Bd2 Nf6 5. Bc3 e6 6. Nbd2 Bb4 7. Bd3 Bxc3 8.
bxc3 Bxd3 9. cxd3 e5 10. c4 dxc4 11. Nxc4 exd4 12. exd4 Nxd4 13. Nxd4 Qxd4 14.
Qe2+ Kd8 15. Rd1 Qc3+ 16. Qd2 Re8+ 17. Ne3 Qxd2+ 18. Rxd2 Ke7 19. O-O Rab8 20.
Re2 Red8 21. Nc4+ Kf8 22. Ne5 Re8 23. Nc4 Rxe2 24. Ne3 Rxa2 25. Rc1 Rd8 26.
Rxc7 Ra1+ 27. Nf1 Rxd3 28. Rc8+ Ne8 29. Rc2 Rdd1 30. g3 Rxf1+ 31. Kg2 Rfc1 32.
Rd2 Rd1 33. Re2 Nd6 34. Rc2 Rg1+ 35. Kh3 Nf5 36. Rc8+ Ke7 37. Rc7+ Kd8 38. Rc5
g6 39. Rd5+ Ke7 40. Re5+ Kf6 41. Re4 b5 42. g4 Ra3+ 43. Re3 Nxe3 44. Kh4 g5+
45. Kh5 h6 46. fxe3 Rh1 47. Kxh6 Rxh2# {LeCamRaphael est échec et mat} 0-1